000 00752nam a2200289Ia 4500
005 20260324121530.0
008 008 260324s9999 xx 000 0 eng d
020 _a9780203522868
037 _aEBOOK
040 _aCRL
040 _beng
040 _cCRL
041 _2eng
041 _aeng
084 _qCRL
100 _aNoora Arajärvi
_91162870
245 4 _aThe Changing Nature of Customary International Law
245 0 _bMethods of Interpreting the Concept of Custom in International Criminal Tribunals
260 _bTaylor and Francis
260 _c2014
365 _a
365 _b240
856 _uhttp://www.taylorfrancis.com/books/9780203522868
942 _cEBOOK
999 _c1755050
_d1755050